|
|
|
|
| LEADER |
00000nam a22000007a 4500 |
| 008 |
210326b2021 ||||| |||| 00| | spa d |
| 999 |
|
|
|c 3917
|d 3917
|
| 090 |
|
|
|a 06.02.01
|b 2597
|
| 100 |
|
|
|9 4715
|a Gutiérrez Hernández, Mónica
|
| 245 |
|
|
|a Culturas pedagógicas de docentes indígenas cabécares. Una mirada a su trabajo aúlico /
|c Gutiérrez Hernández, Mónica; Camacho Brown, Lolita; Trejos Salazar, Jeimy y Watson Soto, Hannia.
|
| 260 |
|
|
|a [San José, Costa Rica] :
|b INIE,
|c 2021
|
| 300 |
|
|
|a 250 páginas
|
| 500 |
|
|
|a Informe final Proyecto de Invstigación Nº 724-B8 - 309
|
| 650 |
1 |
4 |
|9 1
|a EDUCACIÓN
|
| 650 |
1 |
4 |
|9 1100
|a EDUCACIÓN INDÍGENA
|
| 650 |
1 |
4 |
|9 480
|a IDENTIDAD CULTURAL
|
| 650 |
1 |
4 |
|9 331
|a DOCENTES
|
| 650 |
1 |
4 |
|9 1105
|a PERTINENCIA
|
| 650 |
1 |
4 |
|9 1101
|a COMUNIDAD CABÉCAR
|
| 700 |
|
|
|9 1099
|a Camacho Brown, Lolita
|
| 700 |
|
|
|9 1104
|a Watson Soto, Hannia
|
| 700 |
|
|
|9 4714
|a Trejos Salazar, Jeimy
|
| 942 |
|
|
|i 004652
|h 06.02.01 2597
|2 z
|c 04
|